| 000 | 00507nmm a2200169Ia 4500 | ||
|---|---|---|---|
| 008 | 251105s9999||||xx |||||||||||||||||und|| | ||
| 020 | _a9789681637736 | ||
| 041 | _aspa | ||
| 100 | _aBlancarte, Roberto | ||
| 245 | 0 | _aHistoria de la iglesia católica en México (1929-1982) | |
| 264 |
_a[México D.C., Mexico] : _bFondo de Cultura Económica, _c2012 |
||
| 300 | _a448 páginas | ||
| 490 | _aHistoria | ||
| 650 | _aReligion(s) | ||
| 856 | _uhttps://public.digitaliapublishing.com/a/43203 | ||
| 942 | _cCF | ||
| 999 |
_c96793 _d96793 |
||